Unie Personalne w Historii Polski - Statystyki

Ogólne statystyki
  • Ten quiz został rozwiązany 48 razy
  • Średni wynik to 12 z 14
Statystyki odpowiedzi
Czas Państwo % Poprawnych
1385-1401 Wielkie Księstwo Litewskie / Litwa
100%
1447-1492 Wielkie Księstwo Litewskie / Litwa
100%
1501-1569 Wielkie Księstwo Litewskie / Litwa
100%
1300-1306 Królestwo Czech / Czechy
97%
1370-1382 Królestwo Węgier / Węgry
94%
1440-1444 Królestwo Węgier / Węgry
94%
1003-1004 Księstwo Czech / Czechy
94%
1592-1597 Królestwo Szwecji / Szwecja
88%
1815-1831 Imperium Rosyjskie / Rosja
85%
1697-1706 Elektorat Saksonii / Saksonia
73%
1709-1763 Elektorat Saksonii / Saksonia
73%
1574-1575 Królestwo Francji / Francja
73%
1807-1815 Królestwo Saksonii / Saksonia
73%
1576-1586 Księstwo Siedmiogrodu / Siedmiogród
42%
Nie znaleziono quizów pasujących do podanych kryteriów
Rozkład punktacji
Procent ludzi z każdym wynikiem
Percentyl według liczby udzielonych odpowiedzi
Twoja historia wyników
Nie rozwiązałeś tego quizu